Modern architecture in America : visions and revisions
Αποθηκεύτηκε σε:
| Άλλοι συγγραφείς: | , |
|---|---|
| Μορφή: | Βιβλίο |
| Γλώσσα: | English |
| Δημοσίευση: |
Ames :
Iowa State University Press,
c1991
|
| Θέματα: | |
| Ετικέτες: |
Προσθήκη ετικέτας
Δεν υπάρχουν, Καταχωρήστε ετικέτα πρώτοι!
|
MARC
| LEADER | 00000nam a2200000 i 4500 | ||
|---|---|---|---|
| 001 | 1/65281 | ||
| 008 | 931008s eng d | ||
| 020 | |a 0-8138-0381-0 | ||
| 035 | |a ΛΕΣΒΟΣb10001529 |l 10001529 | ||
| 040 | |a GR-MY-UA |b gre |e aacr | ||
| 041 | 0 | |a eng | |
| 082 | 0 | |a 720.97309034 | |
| 245 | 1 | 0 | |a Modern architecture in America : |b visions and revisions / |c Edited by Richard Guy Wilson; Sidney K. Robinson |
| 260 | |a Ames : |b Iowa State University Press, |c c1991 | ||
| 300 | |a 217 p. | ||
| 504 | |a Includes index | ||
| 650 | 0 | 0 | |a Architecture |z United States |y 19th century. |
| 650 | 0 | 0 | |a Architecture |z United States |y 20th century. |
| 700 | 1 | |a Wilson, Richard Guy. |4 edt | |
| 700 | 1 | |a Robinson, Sidney K. |d 1943- |4 edt | |
| 852 | |a INST |b LESVOS |e 19931008 |h 720.97309034 MOD |p 005100004880 |q 005100004880 |t BK |y 0 | ||
| 909 | |a Λ |b 021404 | ||